000
00354nam a22001337a 4500
003
OSt
005
20120302150503.0
008
090709t xxu||||| |||| 00| 0 eng d
035
_a
६००२
040
_c
मराठी
100
_a
जावडेकर, सुबोध
_9
7326
245
_a
हसरं विज्ञान
942
_2
ddc
_c
BOOK
999
_c
492264
_d
492261